000 00516nam a2200205Ia 4500
003 GCL
008 140319s9999 xx 000 0 eng d
040 _aGCL /
_cGCL
082 0 4 _aCH
_b843
_bS L
100 1 _aSEGURDE, LA COMTESSE
245 1 0 _aL'AVBERGE DE L'ANGE GARDIEN /
_cSEGURDE, LA COMTESSE
260 _a[S.N] :
_bHEMMA
300 _a165 P
650 0 4 _aLITERATURE
650 0 4 _aFICTION
650 0 4 _aFRENCH FICTION
650 0 4 _aFRENCH LITERATURE
650 0 4 _aCHILDREN - FICTION
942 _2ddc
_cBK
999 _c14713
_d14713